Państwa bliższe Polski niż jej inne obszary - Statystyki

Ogólne statystyki
  • Ten quiz został rozwiązany 67 razy
  • Średni wynik to 29 z 33
Statystyki odpowiedzi
Wskazówka Odpowiedź % Poprawnych
. . . Sąsiad . . . Białoruś
96%
. . . Sąsiad . . . Czechy
96%
. . . Sąsiad . . . Ukraina
96%
. . . Sąsiad . . . Rosja
96%
. . . Sąsiad . . . Słowacja
96%
. . . Sąsiad 2 stopnia . . . Francja
94%
. . . Sąsiad . . . Litwa
94%
. . . Sąsiad . . . Niemcy
94%
. . . Sąsiad 2 stopnia . . . Łotwa
94%
. . . Sąsiad 2 stopnia . . . Dania
92%
. . . Sąsiad 2 stopnia . . . Austria
90%
. . . Sąsiad 2 stopnia . . . Estonia
90%
. . . Sąsiad 2 stopnia . . . Norwegia
90%
. . . Sąsiad 3 stopnia . . . Szwecja
90%
. . . Sąsiad 2 stopnia . . . Finlandia
88%
. . . Sąsiad 2 stopnia . . . Belgia
88%
. . . Sąsiad 2 stopnia . . . Holandia
88%
. . . Sąsiad 2 stopnia . . . Rumunia
88%
. . . Sąsiad 3 stopnia . . . Serbia
88%
. . . Sąsiad 3 stopnia . . . Włochy
88%
. . . Sąsiad 3 stopnia . . . Bułgaria
86%
. . . Sąsiad 3 stopnia . . . Chorwacja
86%
. . . Sąsiad 4 stopnia . . . Kosowo
86%
. . . Sąsiad 2 stopnia . . . Mołdawia
86%
. . . Sąsiad 3 stopnia . . . Słowenia
86%
. . . Sąsiad 2 stopnia . . . Szwajcaria
86%
. . . Sąsiad 2 stopnia . . . Luksemburg
84%
. . . Sąsiad 2 stopnia . . . Węgry
84%
. . . Sąsiad 4 stopnia . . . Czarnogóra
80%
. . . Sąsiad 4 stopnia . . . Bośnia i Hercegowina
75%
. . . Sąsiad 4 stopnia . . . Macedonia północna
73%
. . . Sąsiad 5 stopnia . . . Albania
71%
. . . Sąsiad 3 stopnia . . . Liechtenstein
69%
Nie znaleziono quizów pasujących do podanych kryteriów
Rozkład punktacji
Procent ludzi z każdym wynikiem
Percentyl według liczby udzielonych odpowiedzi
Twoja historia wyników
Nie rozwiązałeś tego quizu